La formación del pensamiento económico de Marx, de 1843 a la redacción de El capital : estudio genético
Gorde:
| Egile nagusia: | |
|---|---|
| Formatua: | Liburua |
| Hizkuntza: | Undetermined |
| Argitaratua: |
México, Distrito Federal
Siglo XXI editores
1977
|
| Edizioa: | 8 |
| Gaiak: | |
| Etiketak: |
Etiketa erantsi
Etiketarik gabe, Izan zaitez lehena erregistro honi etiketa jartzen!
|
MARC
| LEADER | 00000nam a2200000Ia 4500 | ||
|---|---|---|---|
| 008 | 170316s9999 xx 000 0 und d | ||
| 090 | |a 100 M-7.1f | ||
| 100 | |a Mandel, Ernest | ||
| 245 | |a La formación del pensamiento económico de Marx, de 1843 a la redacción de El capital : estudio genético | ||
| 250 | |a 8 | ||
| 260 | |a México, Distrito Federal | ||
| 260 | |b Siglo XXI editores | ||
| 260 | |c 1977 | ||
| 300 | |a 261 páginas | ||
| 650 | |a FILOSOFÍA | ||
| 650 | |a MARX | ||
| 650 | |a EL CAPITAL | ||
| 650 | |a ESTUDIO GENÉTICO | ||
| 650 | |a EL CAPITALISMO | ||
| 650 | |a PRODUCCIÓN CAPITALISTA | ||
| 999 | |c 17119 |d 17119 | ||
| 040 | |a cru BVZT | ||
| 942 | |c 15 D |h 100 M-7.1f |2 z | ||
